000 00651nam a2200229 a 4500
001 097803
003 BD-ChCU
005 20230204170531.0
008 010s2017 a-uk b 002 eng
020 _a978 0 7456 4186 7
040 _aDLC
_cDLC
_dBD-ChCU
082 0 0 _a355.4/G438u
100 1 _aBellamy, Alex J.
_cWilliams, Paul D.
245 0 0 _aUnderstanding Peacekeeping.
_c
_cAlex J. Bellamy.
250 _a2nd ed
260 _aCambridge.
_cPality Press.
_c2010
300 _axix, 447pg.
504 _aIncludes index(P436-47) and bibliography(P403-35).
650 0 _aPeace Keeping Forces.
_cPeace.
700 1 _a
942 _2ddc
_cBK
999 _c97803
_d97803